The call of the mall (Record no. 104281)

MARC details
000 -LEADER
fixed length control field 00654cam a2200217 4500
001 - CONTROL NUMBER
control field L129798
008 - FIXED-LENGTH DATA ELEMENTS--GENERAL INFORMATION
fixed length control field 050520n2004 000 0 eng u
020 ## - INTERNATIONAL STANDARD BOOK NUMBER
International Standard Book Number 1861974426
035 ## - SYSTEM CONTROL NUMBER
System control number (Sirsi) u129798
041 ## - LANGUAGE CODE
Language code of text/sound track or separate title eng
050 ## - LIBRARY OF CONGRESS CALL NUMBER
Classification number 711.552
-- 18
100 ## - MAIN ENTRY--PERSONAL NAME
Personal name Underhill, Paco
245 #4 - TITLE STATEMENT
Title The call of the mall
Remainder of title how we shop
260 ## - PUBLICATION, DISTRIBUTION, ETC.
Place of publication, distribution, etc. London
Name of publisher, distributor, etc. Profile Business
Date of publication, distribution, etc. 2004
300 ## - PHYSICAL DESCRIPTION
Extent 227p.
Dimensions 24cm
350 ## - PRICE (NR) (BK AM CF MU VM SE) [OBSOLETE]
Price 15.00
520 ## - SUMMARY, ETC.
Summary, etc. Examines our fascination with shopping and shopping malls.
590 ## - LOCAL NOTE (RLIN)
Local note IKA210605
690 ## - LOCAL SUBJECT ADDED ENTRY--TOPICAL TERM (OCLC, RLIN)
Topical term or geographic name as entry element PROPERTY-COMMERCIAL PROPERTY-RETAIL PROPERTY-OUT OF TOWN RETAIL PROPERTY-OUT OF TOWN RETAIL FACILITIES
942 ## - ADDED ENTRY ELEMENTS (KOHA)
Suppress in OPAC 0
Holdings
Withdrawn status Lost status Source of classification or shelving scheme Damaged status Not for loan Home library Current library Shelving location Date acquired Cost, normal purchase price Total Checkouts Full call number Barcode Date last seen Date last checked out Copy number Cost, replacement price Price effective from Koha item type
    Dewey Decimal Classification     London London Books 09/06/2005 15.00 11 711.552 UND 30069933 06/08/2019 09/10/2006 1 15.00 06/08/2019 Book